All Different Heaven Debuts On NCS - Statistics

General Stats
  • This quiz has been taken 8 times
  • The average score is 7 of 9
Answer Stats
Feat. Title Views % Correct
EH!DE My Heart 280M
100%
- Nekozilla 90M
100%
- Safe And Sound 38M
100%
- Far Away 13M
75%
- Far Away (Phantom Sage Remix) 6,5M
75%
- Nekozilla (LFZ Remix) 14M
75%
- OMG 13M
75%
ReesaLunn Pentakill 8,8M
75%
Sian Area Feel Like Horrible 8,1M
50%
No matching quizzes found
Score Distribution
Percent of People with Each Score
Percentile by Number Answered
Your Score History
You have not taken this quiz